Budúcnosť očami minulosti

Bibliographic Details
Main Author: Tĺčik, Vojtech, 1944- (Author, Photographer)
Other Authors: Pavelka, Branislav (Photographer), Pavelka, Štefan, 1930-2013 (Illustrator)
Format: Book
Language:Slovak
PhysicalDescription:112 strán fotografie (prevažne farebné), ilustrácie 24 cm
Published: Podkylava Vojtech Tĺčik 2004
ISBN:8096910094
Edition:1. vyd.
Subjects:

MARC

LEADER 00000cam a2200000 a 4500
001 vtls001475490
003 SK-MaSNL
005 20260302023502.0
008 240226s2004 xo oa grh 000 0aslo
015 |a SNBA2004/11-06211 
020 |a 8096910094  |q (viazané) 
035 |a SNK000430791 
035 |a urn:nbn:sk:snk-am3ixqy 
035 |a BA3D4AFF-62FF-46FF-A271-031B35880B65 
035 |a urn:nbn:sk:snk-am00g5sr 
040 |a SNK  |b slo  |c SNK  |e AACR2 
041 0 |a slo 
043 |a e-xo--- 
044 |a xo  |c SK 
072 7 |a 631  |x Poľnohospodárstvo. Pedológia. Agrotechnika. Agroekológia  |2 konspekt 
080 |a 63-051  |2 2011 
080 |a 631.115.8  |2 2011 
080 |a (437.613)  |2 2011 
080 |a (092)  |2 2011 
080 |a (0:82-94)  |2 2011 
100 1 |a Tĺčik, Vojtech,  |d 1944-  |4 aut  |4 pht  |9 670362 
245 1 0 |a Budúcnosť očami minulosti  |c Vojtech Tĺčik ; [fotografie: Vojtech Tĺčik, Branislav Pavelka ; perokresby: Štefan Pavelka] 
250 |a 1. vyd. 
260 |a Podkylava  |b Vojtech Tĺčik  |c 2004 
300 |a 112 strán  |b fotografie (prevažne farebné), ilustrácie  |c 24 cm 
600 1 7 |a Tĺčik, Vojtech,  |d 1944-  |2 SNKMA  |9 670362 
650 0 7 |a poľnohospodári  |2 SNKPH  |9 17080 
650 0 7 |a poľnohospodárske družstvá  |2 SNKPH  |9 30107 
651 7 |a Krajné (Slovensko)  |2 SNKPHgeo  |9 109534 
655 7 |a autobiografie  |2 SNKPH  |9 70280 
655 7 |a autobiografické spomienky  |2 SNKPH  |9 70489 
700 1 |a Pavelka, Branislav  |4 pht  |9 46196 
700 1 |a Pavelka, Štefan,  |d 1930-2013  |4 ill  |9 111830 
919 |a 80-969100-9-4 
958 |a TL 
958 |a BX 
958 |a OND 
999 |c 1036639  |d 1038569 
952 |t P60, <03>, [BOOK], {603}  |a SNK  |b SNK  |y PREZ  |7 0  |p 17A0429652  |o snkSC 115939  |i snkKSP 6947/2004  |0 0  |1 0  |4 0  |d 2004-05-26  |f 1  |l 0  |r 2025-10-16 00:00:00  |w 2026-02-24 
952 |t P60, <04>, [BOOK], {604}  |a SNK  |b SNK  |y VYP  |7 0  |p 17A0429653  |o snkSC 115939 D1  |i snkKSP 6948/2004  |0 0  |1 0  |4 0  |d 2004-05-26  |l 0  |r 2005-01-02 00:00:00  |w 2026-02-24